Unconventional Premier League players #1 - Statistics

General Stats
  • This quiz has been taken 18 times
  • The average score is 9 of 15
Answer Stats
Picture Answer % Correct
Benoit Assou-Ekotto
85%
Stephen Ireland
85%
Gabriel Agbonlahor
77%
Nathan Dyer
77%
Adel Taarabt
69%
David Ngog
69%
Lee Cattermole
69%
Roque Santa Cruz
69%
Vito Mannone
69%
Jay Spearing
62%
Jussi Jääskeläinen
62%
Maynor Figueroa
46%
Mido
38%
Nigel Reo-Coker
31%
Darius Vassell
23%
No matching quizzes found
Score Distribution
Percent of People with Each Score
Percentile by Number Answered
Your Score History
You have not taken this quiz